[Event "32nd USA-ch (w)"]
[Site "Waltham USA"]
[Date "1992.08.??"]
[Round "8"]
[White "Burtman, Sharon"]
[Black "Levitan, Yuliya"]
[Result "0-1"]
[WhiteElo "2050"]
[BlackElo "2280"]
[EventDate "1992.08.20"]
[PlyCount "74"]

1.d4 Nf6 2.c4 e6 3.g3 d5 4.Bg2 Be7 5.Nf3 O-O 6.O-O b6 7.Nc3 Bb7 8.Qc2 Nbd7
9.Rd1 Rc8 10.cxd5 exd5 11.Bf4 a6 12.Rac1 c5 13.Qf5 c4 14.Ne5 g6 15.Qh3 Rc7
16.Ng4 Rc8 17.Ne3 Nb8 18.Be5 b5 19.Bxf6 Bxf6 20.Nexd5 Bg5 21.f4 Be7 22.e4 
b4 23.Nxe7+ Qxe7 24.Na4 Bxe4 25.Nb6 Rcd8 26.Nxc4 Nc6 27.Ne5 Bxg2 28.Qxg2 
Nxd4 29.Kh1 Nf5 30.Rxd8 Qxd8 31.Qf3 Qd4 32.Rc2 Rd8 33.Rf2 Ne3 34.h3 Nd1 
35.Rf1 Qd2 36.Qb3 Rd5 37.Kg1 Ne3 0-1

[Event "32nd USA-ch (w)"]
[Site "Waltham USA"]
[Date "1992.08.??"]
[Round "8"]
[White "Dimitrijevic, Vesna"]
[Black "Marinello, Beatriz"]
[Result "1-0"]
[WhiteElo "2090"]
[BlackElo "2175"]
[EventDate "1992.08.20"]
[PlyCount "57"]

1.e4 e6 2.d4 d5 3.Nc3 Nc6 4.e5 Bd7 5.f4 Nh6 6.Be3 f5 7.exf6 Qxf6 8.Nf3 
O-O-O 9.Qd2 Nf5 10.Bf2 h5 11.g3 Bb4 12.O-O-O Ba5 13.a3 Be8 14.Bg2 Nd6 15.
Ne5 Nb5 16.Nxc6 Bxc6 17.b4 Bb6 18.Nxb5 Bxb5 19.Rhe1 Rd6 20.Re5 Ba4 21.Rde1
h4 22.gxh4 Rf8 23.Bg3 Rc6 24.c3 Rc4 25.Bf1 Rc6 26.Kb2 Qg6 27.h5 Qg4 28.Rg5
Qf3 29.Bg2 1-0

[Event "32nd USA-ch (w)"]
[Site "Waltham USA"]
[Date "1992.08.??"]
[Round "8"]
[White "Levitina, Irina"]
[Black "Root, Alexey"]
[Result "1-0"]
[WhiteElo "2415"]
[BlackElo "2025"]
[EventDate "1992.08.20"]
[PlyCount "51"]

1.Nf3 e6 2.g3 b6 3.Bg2 Bb7 4.O-O Be7 5.c4 f5 6.d4 Nf6 7.d5 exd5 8.Nd4 g6 
9.cxd5 c5 10.dxc6 Nxc6 11.Nc3 Na5 12.Ndb5 Bxg2 13.Kxg2 Nb7 14.Bf4 O-O 15.
Nd5 Kg7 16.Kg1 a6 17.Nbc7 Ra7 18.Rc1 Nc5 19.Nxe7 Qxe7 20.Bd6 Qf7 21.Bxf8+ 
Qxf8 22.Nd5 Nxd5 23.Qxd5 Qf7 24.Qe5+ Qf6 25.Rxc5 bxc5 26.Qb8 1-0

[Event "32nd USA-ch (w)"]
[Site "Waltham USA"]
[Date "1992.08.??"]
[Round "8"]
[White "Tverskaya, Julia"]
[Black "Frenkel, Vera"]
[Result "1-0"]
[WhiteElo "2050"]
[BlackElo "2120"]
[EventDate "1992.08.20"]
[PlyCount "59"]

1.e4 e5 2.Nf3 d6 3.d4 f6 4.Bc4 c6 5.Nc3 Bg4 6.Be3 b5 7.Bxg8 Rxg8 8.d5 b4 
9.dxc6 bxc3 10.Qd5 cxb2 11.Rb1 Qc7 12.Qxg8 Nxc6 13.Rxb2 Na5 14.O-O Rc8 15.
Rfb1 Ke7 16.Nh4 Be6 17.Qxh7 Kd7 18.Nf5 Kc6 19.Qh5 Be7 20.Qe2 Bc4 21.Qd2 g6
22.Nh4 g5 23.Nf5 Kd7 24.Qd1 Ke8 25.Bd2 Bf7 26.Bxa5 Qxa5 27.Rb8 Be6 28.
Nxd6+ Bxd6 29.Qxd6 Qxa2 30.R8b7 1-0

[Event "32nd USA-ch (w)"]
[Site "Waltham USA"]
[Date "1992.08.??"]
[Round "9"]
[White "Tverskaya, Julia"]
[Black "Burtman, Sharon"]
[Result "1/2-1/2"]
[WhiteElo "2050"]
[BlackElo "2050"]
[EventDate "1992.08.20"]
[PlyCount "136"]

1.e4 Nf6 2.e5 Nd5 3.d4 d6 4.Nf3 Bg4 5.Be2 e6 6.c4 Nb6 7.exd6 cxd6 8.O-O 
Be7 9.h3 Bh5 10.b3 O-O 11.Bb2 Nc6 12.Nbd2 d5 13.c5 Nc8 14.Rc1 Bf6 15.Re1 
N8e7 16.g4 Bg6 17.g5 Bxd4 18.Nxd4 Nxd4 19.Bxd4 Nf5 20.Nf3 Bh5 21.Kh1 Bxf3+
22.Bxf3 Qxg5 23.Rg1 Qh4 24.Bg4 Nxd4 25.Qxd4 h5 26.Rc3 hxg4 27.Rxg4 Qh6 28.
Rcg3 g6 29.h4 Kh7 30.Kg2 Rg8 31.Qf6 Qg7 32.Qf3 Raf8 33.h5 g5 34.Kh3 Qh6 
35.Qe3 f5 36.Rxg5 Rxg5 37.Qxg5 Qxg5 38.Rxg5 d4 39.f4 Rd8 40.Rg2 Rd5 41.b4 
d3 42.Rd2 Kh6 43.Kg3 Kxh5 44.Kf3 Kg6 45.Ke3 Kf6 46.Rxd3 Rxd3+ 47.Kxd3 e5 
48.fxe5+ Kxe5 49.Ke3 a6 50.Kf3 Kd4 51.Kf4 Kc4 52.Kxf5 Kxb4 53.Ke4 Kxc5 54.
Kd3 Kb4 55.Kc2 Kc4 56.Kb2 b5 57.Kc2 Kb4 58.Kb2 Kc4 59.Kc2 Kd4 60.Kb3 a5 
61.Kb2 Kd3 62.Kb3 Kd2 63.Kb2 a4 64.Kb1 Kc3 65.Kc1 b4 66.Kb1 b3 67.axb3 
axb3 68.Ka1 b2+ 1/2-1/2